000 00665nam a2200157 a 4500
008 151118s2007 ||||||||||||||||| || u
020 _a9780702027994
050 _aRC 71 HUT
100 _aSwash, Michael
245 1 0 _aHutchinson's clinical methods: an integrated approach to clinical practice. (22nd ed.)
_cEdited By Michael Swash [and] Michael Glynn
250 _a22nd ed.
260 _aEdinburgh
_bSaunders Elsevier
_c2007
300 _axii, 547p.:ill.
650 _aCLINICAL MEDICINE
995 _aMEDICAL LIBRARY OPEN ACCESS
_e903255
_FCBU-SCHOOL OF MEDICINE LIBRARY (Ndola)
_I80.95
_jRC 46 Swa
_M1
_UOUT
_WDec 15, 2015
_y903255
_ZMedical Library Open Access Collection
999 _c31749
_d31749